| 000 | 01018nam0a22002771 4500 | ||
|---|---|---|---|
| 001 | rc\264534 | ||
| 005 | 20250621000625.0 | ||
| 010 |
_bВ пер. _dб.ц. _95000 |
||
| 021 |
_aRU _b94-25759 |
||
| 035 | _a(NLR Aleph) 005469815 | ||
| 090 |
_a5035409 _c5035409 |
||
| 100 | _a20030307d1994 |||y0rusy50 ca | ||
| 101 | 0 | _arus | |
| 102 | _aRU | ||
| 105 | _ay j|||||||| | ||
| 200 | 1 |
_aИстория государства и права России IX - начала XX веков _eучебник для юридических вузов и факультетов _fВ.А. Рогов |
|
| 210 |
_aМосква _cиздательская фирма "Манускрипт" _d1994 |
||
| 215 |
_a300 с. _d20 |
||
| 700 | 1 |
_aРогов _bВ. А. _cд-р юрид. наук _gВладимир Александрович _9180157 _3RU\NLR\AUTH\770180208 |
|
| 801 | 0 |
_aRU _bNLR _gpsbo |
|
| 801 | 1 |
_aRU _bELAR _2rusmarc |
|
| 801 | 2 |
_aRU _bNLR _c20171027 _2rusmarc |
|
| 852 |
_aNLR _j94-3/5460 |
||
| 942 | _cBOOK | ||
| 980 | _aNB | ||